000 00738nam a2200253Ia 4500
001 Z_1685
003 CHAP
008 220113s1991 xx 000 0 und d
010 _a164776
040 _cCHAP
090 _aTesis J 1340
100 _aJuárez Zárate, Angel
_962505
245 _aEvaluación biológica de diferentes coccidiostatos en pollos de engorda /
_cpor Angel Juárez Zárate
260 _aChapingo, Méx. :
_bEl autor,
_c1991
300 _a76 h
502 _aTesis (Maestro en Ciencias Especialista en Ganadería) -- Colegio de Postgraduados. Centro de Ganadería
650 _aAves de corral
_98636
901 _aTESIS J 1340
902 _aM
910 _a1991
942 _c2
942 _c2
999 _c164776
_d164776